00417 2200169 4500245004400000020002200044250001100066100002200077700001700099650001600116005001900132260004200151041001400193084000800207300002300215336000900238 aDua Garis BirucLucia PriandarinihText a978-602-06-3186-8 aCet. 1 aLucia Priandarini aGina S. Noer aNovel Fiksi a20230117072110 aJakartabGramedia Pustaka Utamac2019 aIndonesia a813 a208 hlm. :c20 cm. atext